Móraváros jelen időben Az ellátás nem (csak) üzlet /
Elmentve itt :
| Szerző: | |
|---|---|
| Dokumentumtípus: | Cikk |
| Megjelent: |
1988-12-20
|
| Sorozat: | Délmagyarország
78 No. 302 |
| Kulcsszavak: | Móraváros, közellátás |
| Online Access: | http://dmarchiv.bibl.u-szeged.hu/102374 |
| LEADER | 00505nab a2200157 i 4500 | ||
|---|---|---|---|
| 001 | delm102374 | ||
| 005 | 20190918081632.0 | ||
| 008 | 190918s1988 hu o 0|| hun d | ||
| 040 | |a SZTE Délmagyarország Archívum |b hun | ||
| 041 | |a hun | ||
| 100 | 2 | |a Tóth Szeles István | |
| 245 | 1 | 0 | |a Móraváros jelen időben |h [elektronikus dokumentum] : |b Az ellátás nem (csak) üzlet / |c Tóth Szeles István |
| 260 | |c 1988-12-20 | ||
| 300 | |a 1 | ||
| 490 | 0 | |a Délmagyarország |v 78 No. 302 | |
| 695 | |a Móraváros, közellátás | ||